National Anthem of Thailand - เพลงชาติไทย (Phleng Chat Thai) - Statistics

General Stats
  • This quiz has been taken 6 times
  • The average score is 36 of 60
Answer Stats
Lyrics % Correct
chā̂t
80%
chā̂t
80%
chā̂t
80%
80%
Pen
80%
pen
80%
pràchā
80%
Pràthē̂t
80%
pràthē̂t
80%
rát,
80%
ruam
80%
thai
80%
thai
80%
thai
80%
thai
80%
Thai
80%
thai
80%
60%
chai,
60%
dā̂i
60%
damrong
60%
Dư̂ai
60%
hâi
60%
khī̂
60%
khlā̀t
60%
khòm
60%
khǫ̌ng
60%
khrai
60%
Ḕkkàrā̂t
60%
lúan
60%
lư̂at
60%
lư̂at
60%
mā̌i,
60%
mâi
60%
mâi
60%
muan
60%
nứa
60%
rák
60%
rák
60%
róp
60%
sàngòp,
60%
tę̀
60%
tháng
60%
thư̌ng
60%
60%
chứa
40%
cháyō!
40%
khǫ̌ng
40%
40%
phálī
40%
Sàlà
40%
sǎmákkhī
40%
sùan
40%
Thàlơ̄̌ng
40%
tháwī,
40%
thúk
40%
thúk
40%
wái
40%
yā̀t
40%
phàthai
20%
No matching quizzes found
Score Distribution
Percent of People with Each Score
Percentile by Number Answered
Your Score History
You have not taken this quiz